00596nam a2200157Ia 4500008004000000082001700040100002000057245004400077260005600121300000700177650004300184690002500227906001100252999001900263952015600282210210b2000 xxu||||| |||| 00| 0 eng d a540.028 DESL aDESIKACHAR (S). aLaboratory manual in chemistry. II PUC. aBangalore.bExcellent Educational Enterprisesc2000 a36 aLaboratory Manual, Chemistry, II PUC  aChemistry Laboratory a056426 c104094d104094 011040708ChemistryaALbALcChemistryd2021-02-17eU R Shenoy & Sons, Mangalore.g0.00l0o540.028 DESLp056426r2021-02-17 00:00:00w2021-02-17yBK